| 000 | 01452cam a22002894a 4500 | ||
|---|---|---|---|
| 001 | 16816905 | ||
| 005 | 20170105102353.0 | ||
| 008 | 110608s2011 enka b 001 0 eng | ||
| 010 | _a 2011021212 | ||
| 020 | _a9781848213074 | ||
| 040 |
_aDLC _cDLC _dDLC |
||
| 042 | _apcc | ||
| 050 | 0 | 0 |
_aTK7871.6 _b.C626 2011 |
| 082 | 0 | 0 |
_a621.384135 _223 |
| 245 | 0 | 0 |
_aCompact antennas for wireless communications and terminals :theory and design _btheory and design _c Jean-Marc Laheurte. |
| 260 |
_aLondon : _bISTE ; _aHoboken, NJ : _bWiley, _c2011. |
||
| 300 |
_axiii, 245 p. : _bill. ; _c24 cm. |
||
| 504 | _aIncludes bibliographical references and index. | ||
| 505 | 0 | _aGeneral information about printed antennas -- Transmission line model -- Cavity model -- Radiation of a printed antenna -- Electrical equivalent circuit of a printed antenna -- Feeding circuits for microstrip antennas -- Circularly polarized antennas -- Wideband antennas -- Miniature antennas -- Reconfigurable antennas -- Introduction to antenna diversity. | |
| 650 | 0 |
_aAntennas (Electronics) _xDesign and construction. |
|
| 650 | 0 | _aWireless communication systems. | |
| 700 | 1 | _aLaheurte, Jean-Marc. | |
| 856 | 4 | 2 |
_3Publisher description _uhttp://www.loc.gov/catdir/enhancements/fy1114/2011021212-d.html |
| 906 |
_a7 _bcbc _corignew _d1 _eecip _f20 _gy-gencatlg |
||
| 942 |
_2ddc _cBK |
||
| 999 |
_c12000 _d12000 |
||